[Event "Nordic Blitz"]
[Site "Vaxjo"]
[Date "2017.06.30"]
[Round "6.4"]
[White "Jonsson, Mikael"]
[Black "Min Seo, Jung"]
[Result "0-1"]
[WhiteElo "2023"]
[BlackElo "2262"]

1.e4 e5 2.Nf3 Nc6 3.Bc4 Bc5 4.b4 Bxb4 5.c3 Bc5 6.d4 exd4 7.cxd4 Bb4+ 8.Kf1
d5 9.Bxd5 Nf6 10.Bg5 Be7 11.Bxf6 Bxf6 12.Qb3 O-O 13.e5 Na5 14.Qd3 Qxd5 15.
exf6 Bf5 16.Qd2 Qb5+ 17.Kg1 Bxb1 18.fxg7 Rfe8 19.h4 Be4 20.Rh3 Nc4 21.Qf4 
Bxf3 22.Rxf3 Nd6 23.h5 Qxh5 24.Rh3 Qf5 25.Qg3 Re4 26.Kh2 Rg4 27.Qe3 Re8 
28.Qd2 Qf4+ 29.Qxf4 Rxf4 30.Kg3 Rxd4 31.Rah1 Kxg7 32.Rxh7+ Kf8 33.Rh8+ Ke7
34.R8h5 Rg8+ 35.Kf3 Rd2 36.Re1+ Kd8 37.Rh7 Rxa2 38.Rb1 Ra3+ 39.Ke2 Rxg2 
40.Rh8+ Kd7 41.Kf1 Rg6 42.Rh7 Rf6 43.Kg2 Ra2 44.Rf1 b5 45.Kg3 b4 46.f4 b3 
47.Rhh1 a5 48.Kg4 a4 49.Kg5 Rg6+ 50.Kh5 b2 0-1

[Event "Nordic Blitz"]
[Site "Vaxjo"]
[Date "2017.06.30"]
[Round "6.5"]
[White "Storme, Isak"]
[Black "Goransson, Martin"]
[Result "1/2-1/2"]
[WhiteElo "2093"]
[BlackElo "2010"]

1.e4 c5 2.Nf3 Nc6 3.Bb5 e5 4.O-O Bd6 5.Re1 a6 6.Bf1 Nge7 7.c3 O-O 8.d4 
cxd4 9.cxd4 exd4 10.Nxd4 Be5 11.Be3 d5 12.exd5 Qxd5 13.Nc3 Qd6 14.Nf3 Qxd1
15.Raxd1 Bxc3 16.bxc3 Bg4 17.Bc5 Rfe8 18.Be2 Ng6 19.h3 Be6 20.a3 Red8 21.
Ng5 Bb3 22.Rxd8+ Rxd8 23.Bf3 h6 24.Ne4 Nge5 25.Be2 Nd3 26.Bxd3 Rxd3 27.Bb4
a5 28.Nc5 Rd1 29.Rxd1 Bxd1 30.Nxb7 axb4 31.cxb4 Ba4 32.Nc5 Bb5 33.a4 Be2 
34.b5 Nd4 35.b6 Kf8 36.b7 Nc6 37.a5 Nb8 38.f3 Ke7 39.Kf2 Bc4 40.Ke3 Kd6 
41.Kd4 Bf1 42.g3 Kc6 43.h4 Kb5 44.Kd5 Kxa5 45.Kd6 Kb6 46.Ne4 Bg2 47.Nd2 
Kxb7 48.Ke7 g5 49.hxg5 hxg5 50.Kxf7 Nc6 51.Kg6 Nd4 52.Kxg5 Nxf3+ 53.Nxf3 
Bxf3 54.g4 1/2-1/2

[Event "Nordic Blitz"]
[Site "Vaxjo"]
[Date "2017.06.30"]
[Round "6.6"]
[White "Mariano-Wagman, Cristine Rose"]
[Black "Pantzer, Milton"]
[Result "0-1"]
[WhiteElo "2026"]
[BlackElo "2075"]

1.e4 e5 2.Nf3 Nc6 3.Bb5 a6 4.Ba4 Nf6 5.O-O Be7 6.Re1 O-O 7.c3 b5 8.Bb3 d6 
9.h3 Na5 10.Bc2 c5 11.d4 Qc7 12.Nbd2 Bd7 13.Nf1 Rfc8 14.d5 Nc4 15.b3 Nb6 
16.Ng3 c4 17.Bd2 a5 18.a3 cxb3 19.Bxb3 Nc4 20.Bc1 Bf8 21.Nh4 g6 22.f4 exf4
23.Bxf4 Ne5 24.Rc1 Bg7 25.Rf1 a4 26.Ba2 Qc5+ 27.Kh2 Qxa3 28.Rc2 Rxc3 29.
Bc1 Qc5 30.Rxc3 Qxc3 31.Ne2 Qd3 32.Qxd3 Nxd3 33.Bg5 Nxe4 34.Be7 Be5+ 35.
Kg1 b4 36.Bb1 Ndc5 37.Nf3 Bg7 38.Ng5 Nd2 39.Rd1 Nxb1 40.Rxb1 b3 41.Bxd6 a3
42.Nc1 a2 43.Nxa2 bxa2 0-1

[Event "Nordic Blitz"]
[Site "Vaxjo"]
[Date "2017.06.30"]
[Round "7.2"]
[White "Carlsson, Ludvig"]
[Black "Pantzer, Milton"]
[Result "1-0"]
[WhiteElo "1756"]
[BlackElo "2075"]

1.d4 Nf6 2.c4 c5 3.d5 b5 4.cxb5 a6 5.bxa6 g6 6.Nc3 Bg7 7.e4 O-O 8.Nf3 Qa5 
9.Bd3 Nxd5 10.exd5 Bxc3+ 11.bxc3 Qxc3+ 12.Qd2 Qxa1 13.O-O Bxa6 14.Bb2 Qxa2
15.Qc3 f6 16.Ra1 Qxd5 17.Rxa6 e6 18.Rxa8 Qxa8 19.Qxc5 Nc6 20.h3 Qa5 21.Qc2
Nb4 22.Qc3 Qb6 23.Bf1 Nd5 24.Qd2 Qb4 25.Qc1 Rb8 26.Bd4 Qb1 27.Qh6 Qd1 28.
Ng5 fxg5 29.Qg7# 1-0

[Event "Nordic Blitz"]
[Site "Vaxjo"]
[Date "2017.06.30"]
[Round "7.3"]
[White "Min Seo, Jung"]
[Black "Cramling, Pia"]
[Result "1-0"]
[WhiteElo "2262"]
[BlackElo "2265"]

1.e4 c5 2.Nf3 e6 3.c3 Nf6 4.e5 Nd5 5.d4 cxd4 6.cxd4 b6 7.Bc4 Bb7 8.O-O d6 
9.Bd2 Nd7 10.Nc3 Nxc3 11.Bxc3 dxe5 12.dxe5 Be7 13.Qe2 O-O 14.Rfd1 Qc7 15.
Bb5 Rad8 16.Rac1 Bd5 17.Bd3 Nc5 18.Bb1 a5 19.h3 Qb7 20.Qe3 Be4 21.Bxe4 
Qxe4 22.Qxe4 Nxe4 23.Bd4 Bc5 24.Bxc5 Nxc5 25.Nd4 Rc8 26.Nb5 Rfd8 27.Nd6 
Rb8 28.b3 Rd7 29.f4 Rbd8 30.Rc4 f6 31.Rcd4 fxe5 32.fxe5 h6 33.Rc1 Kh7 34.
Rc3 Nb7 35.Rc6 Nc5 36.Rxb6 Rc7 37.Rb5 a4 38.b4 Nd7 39.Nf7 Rf8 40.Nd6 Nb8 
41.Rc5 Ra7 42.b5 a3 43.b6 Re7 1-0

[Event "Nordic Blitz"]
[Site "Vaxjo"]
[Date "2017.06.30"]
[Round "7.4"]
[White "Goransson, Martin"]
[Black "Nygren, Kim"]
[Result "0-1"]
[WhiteElo "2010"]
[BlackElo "2223"]

1.c4 Nf6 2.g3 h5 3.h4 d6 4.Bg2 Nc6 5.Nc3 Ng4 6.e4 e5 7.Nge2 Be7 8.O-O g5 
9.hxg5 h4 10.d4 Bxg5 11.dxe5 Bxc1 12.Rxc1 h3 13.Bf3 Ncxe5 14.Nf4 Qg5 15.
Ncd5 O-O 16.Nxc7 Rb8 17.Ncd5 f5 18.exf5 Bxf5 19.Ne3 Nxe3 20.fxe3 Qxg3+ 21.
Kh1 Nxf3 22.Qxf3 Qxf3+ 23.Rxf3 Be4 24.Rg1+ Kf7 25.Rg3 Ke7 26.Kh2 Bxf3 27.
Rxf3 0-1

[Event "Nordic Blitz"]
[Site "Vaxjo"]
[Date "2017.06.30"]
[Round "7.5"]
[White "Ortoft, Kai"]
[Black "Storme, Isak"]
[Result "1-0"]
[WhiteElo "1995"]
[BlackElo "2093"]

1.Nf3 c5 2.c4 Nc6 3.g3 g6 4.Bg2 Bg7 5.O-O e5 6.Nc3 Nge7 7.d3 O-O 8.Rb1 d6 
9.Bd2 h6 10.Ne1 Be6 11.a3 d5 12.cxd5 Nxd5 13.Nc2 Qd7 14.Ne3 Nxe3 15.Bxe3 
Nd4 16.b4 cxb4 17.axb4 Rac8 18.Ne4 b6 19.Bxd4 exd4 20.Rc1 f5 21.Nd2 Rc3 
22.Nc4 Qe7 23.b5 Qb4 24.Rb1 Qc5 25.Qa4 Bxc4 26.dxc4 Rxc4 27.Qxa7 Re8 28.
Bf3 f4 29.Qd7 Re7 30.Qc6 Kh7 31.Rfc1 Rxc1+ 32.Rxc1 Qf5 33.Qxb6 fxg3 34.
hxg3 d3 35.Rc5 d2 36.Rxf5 d1=Q+ 37.Kg2 gxf5 38.Qc5 Re5 39.Qc7 Qd4 40.b6 
Rb5 41.b7 Qb6 42.Qd7 Qa5 43.e4 Qb6 44.exf5 Qa7 45.Qe6 1-0

[Event "Nordic Blitz"]
[Site "Vaxjo"]
[Date "2017.06.30"]
[Round "7.6"]
[White "Sjostrand, Joel"]
[Black "Aroven, Mikael"]
[Result "0-1"]
[WhiteElo "1806"]
[BlackElo "2150"]

1.c4 g6 2.g3 Bg7 3.Bg2 d6 4.Nc3 Nf6 5.d3 O-O 6.e4 c6 7.Nge2 e5 8.O-O Ne8 
9.Be3 Nc7 10.Qd2 a5 11.Rad1 c5 12.Bh6 Nc6 13.Bxg7 Kxg7 14.f4 Bg4 15.h3 
Bxe2 16.Qxe2 f6 17.f5 g5 18.Bf3 a4 19.Kg2 Nd4 20.Qf2 b5 21.b3 Qd7 22.bxa4 
b4 23.Nb5 Rxa4 24.Nxd4 cxd4 25.Ra1 Na6 26.Bd1 Ra3 27.Bb3 Nc5 28.Qc2 Rfa8 
29.h4 Nxb3 30.hxg5 Nxa1 31.gxf6+ Kxf6 32.Rxa1 Qg7 33.Qf2 Qg4 34.Qd2 Qg5 
35.Qe2 Rg8 36.Qf3 Qg4 0-1